Linux Hackerské Útoky : Bezpečnost Linuxu - tajemství a řešení

Saved in:
Bibliographic Details
Main Authors: Hatch, Brian (Author), Lee, James (Author), Kurtz, George (Author)
Format: Book
Language:Czech
Published: 2001 : SoftPress, 2001
Edition:1. vyd
Tags: Add Tag
No Tags, Be the first to tag this record!

MARC

LEADER 00000nam a22000003a 4500
001 stu75701
005 20150617225644.1
008 020516s2001----xr------------------cze-d
020 |a 80-86497-17-8 
040 |a STU  |b slo 
041 0 |a cze 
044 |a xr 
080 |a 004.056.57 
100 1 |a Hatch, Brian  |4 aut 
245 1 |a Linux Hackerské Útoky :  |b Bezpečnost Linuxu - tajemství a řešení 
250 |a 1. vyd 
260 |a 2001 :  |b SoftPress,  |c 2001 
300 |a 576 s 
700 1 |a Lee, James  |4 aut 
700 1 |a Kurtz, George  |4 aut 
996 |b 284J008089  |c J*99012  |l JJST  |s P  |a 0  |w stu75701_0001